[Event "Asia IPCA-ch U20 Online"]
[Site "Tornelo INT"]
[Date "2022.06.25"]
[Round "3"]
[White "Sardari, Parsa"]
[Black "Rahmat Pour, Armin"]
[Result "0-1"]
[WhiteElo "1498"]
[BlackElo "1633"]
[PlyCount "92"]
[EventDate "2022.06.24"]
[EventType "swiss"]
[EventRounds "7"]
[EventCountry "NET"]
[SourceTitle "EXT 2023"]
[Source "ChessBase"]
[SourceDate "2022.10.05"]
[SourceVersion "1"]
[SourceVersionDate "2022.10.05"]
[SourceQuality "1"]

1. Nf3 Nf6 2. d4 e6 3. e3 d5 4. c4 c6 5. Nc3 Bd6 6. Be2 0-0 7. 0-0 b6 8. Ne5 Bb7 9. cxd5 cxd5 10. f4 Nc6 11. Bd2 Ne4 12. Nxe4 dxe4 13. Rc1 Ne7 14. Bb5 Bd5 15. Qg4 a6 16. Ba4 b5 17. Bb3 Bxe5 18. fxe5 Bxb3 19. axb3 Qd5 20. Bb4 Ra7 21. Qd1 Re8 22. Rc5 Qb7 23. Ba5 Nd5 24. Qd2 Qe7 25. Qe2 Qg5 26. Bd2 Rd7 27. Rfc1 h5 28. Qf2 h4 29. Rc8 Rxc8 30. Rxc8+ Kh7 31. h3 Ra7 32. Rf8 Kg6 33. Rh8 f5 34. exf6 gxf6 35. Rxh4 f5 36. Rh8 Kg7 37. Rc8 a5 38. Rc6 Kf7 39. Rc5 b4 40. Qe2 a4 41. Rxd5 exd5 42. Qb5 axb3 43. Qxd5+ Kg7 44. Bxb4 Qxe3+ 45. Kh2 Qf4+ 46. Kg1 Ra1+ 0-1